[Event "Noale Szabados Memorial-B 1st"]
[Site "Noale"]
[Date "2008.02.09"]
[Round "2"]
[White "Forato, Sergio Paolo"]
[Black "Tomio, Dante"]
[Result "1/2-1/2"]
[WhiteElo "1634"]
[BlackElo "1947"]
[PlyCount "62"]
[EventDate "2008.02.08"]
[EventType "swiss"]
[EventRounds "5"]
[EventCountry "ITA"]
[SourceTitle "EXT 2022"]
[Source "ChessBase"]
[SourceDate "2021.10.06"]
[SourceVersion "1"]
[SourceVersionDate "2021.10.06"]
[SourceQuality "1"]

1. c4 c6 2. e4 e6 3. Nc3 d5 4. exd5 exd5 5. cxd5 cxd5 6. d4 Nf6 7. Nf3 Nc6 8. Be2 Bd6 9. Bg5 Be6 10. 0-0 h6 11. Be3 a6 12. Rc1 0-0 13. h3 Rc8 14. a3 Ne7 15. Bd3 Nf5 16. Qd2 Nxe3 17. Qxe3 Re8 18. Qd2 Qd7 19. Ne5 Qe7 20. Rfe1 Qf8 21. f4 Bxe5 22. dxe5 Ne4 23. Nxe4 dxe4 24. Bxe4 Red8 25. Rxc8 Bxc8 26. Qc3 g6 27. Rc1 b5 28. Bd5 Bxh3 29. Bxf7+ Qxf7 30. Qxh3 Qxf4 31. Qe6+ Kh8 1/2-1/2

[Event "Noale Szabados Memorial-B 1st"]
[Site "Noale"]
[Date "2008.02.09"]
[Round "3"]
[White "Patuelli, Matteo"]
[Black "Forato, Sergio Paolo"]
[Result "0-1"]
[WhiteElo "1419"]
[BlackElo "1634"]
[PlyCount "110"]
[EventDate "2008.02.08"]
[EventType "swiss"]
[EventRounds "5"]
[EventCountry "ITA"]
[SourceTitle "EXT 2022"]
[Source "ChessBase"]
[SourceDate "2021.10.06"]
[SourceVersion "1"]
[SourceVersionDate "2021.10.06"]
[SourceQuality "1"]

1. Nf3 Nf6 2. g3 g6 3. Bg2 Bg7 4. 0-0 0-0 5. d3 d6 6. Nbd2 c6 7. e4 e5 8. c3 h6 9. Nc4 Be6 10. Ne3 Qd7 11. Qc2 Na6 12. d4 Ng4 13. Nxg4 Bxg4 14. dxe5 Bxf3 15. Bxf3 dxe5 16. Rd1 Qe7 17. Be3 c5 18. Rd3 Rfd8 19. Rad1 Rxd3 20. Rxd3 Rd8 21. b3 Rxd3 22. Qxd3 Nc7 23. Qd2 Kh7 24. Bg2 b6 25. f4 Nb5 26. a4 exf4 27. Bxf4 Bxc3 28. Qd3 Bd4+ 29. Be3 Bxe3+ 30. Qxe3 Nd4 31. Qd3 a5 32. Qc4 Kg7 33. Qd5 Qe6 34. Qxe6 fxe6 35. Bf1 Nxb3 36. Bc4 Nd4 37. Kf2 Kf6 38. Ke3 Ke5 39. h4 g5 40. Kd3 gxh4 41. gxh4 Nf3 42. h5 Ng5 43. Bb3 Nxe4 44. Bc2 Nf6 45. Kc4 Nd5 46. Bg6 Nc7 47. Kd3 Kf4 48. Be4 Ne8 49. Bg6 Nd6 50. Ke2 e5 51. Kf2 Ne4+ 52. Ke2 Nc3+ 53. Kd3 Ne4 54. Bxe4 c4+ 55. Kxc4 Kxe4 0-1

[Event "Pedavena op-A 2nd"]
[Site "Pedavena"]
[Date "2006.08.02"]
[Round "2"]
[White "Forato, Sergio Paolo"]
[Black "Tomio, Dante"]
[Result "0-1"]
[WhiteElo "1748"]
[BlackElo "1969"]
[PlyCount "64"]
[EventDate "2006.08.01"]
[EventType "swiss"]
[EventRounds "7"]
[EventCountry "ITA"]
[SourceTitle "EXT 2023"]
[Source "ChessBase"]
[SourceDate "2022.10.05"]
[SourceVersion "1"]
[SourceVersionDate "2022.10.05"]
[SourceQuality "1"]

1. c4 c5 2. Nc3 Nc6 3. g3 d6 4. Bg2 g6 5. d3 Bg7 6. a3 e6 7. e4 Nge7 8. Nge2 0-0 9. 0-0 a6 10. Rb1 Rb8 11. Bg5 h6 12. Be3 Nd4 13. Bxd4 cxd4 14. Na2 b5 15. cxb5 Rxb5 16. b4 d5 17. a4 Rb8 18. f3 Bd7 19. Qb3 Qe8 20. b5 axb5 21. axb5 Bxb5 22. Nb4 dxe4 23. fxe4 Qd7 24. Rfc1 g5 25. Rc5 Rfc8 26. Rxc8+ Rxc8 27. Nc2 Ba4 28. Qb7 Qxb7 29. Rxb7 Rxc2 30. Bf3 Nc6 31. Rc7 Ne5 32. Rxc2 Nxf3+ 0-1

[Event "Pedavena op-A 2nd"]
[Site "Pedavena"]
[Date "2006.08.01"]
[Round "1"]
[White "Barro, Francesco"]
[Black "Forato, Sergio Paolo"]
[Result "1/2-1/2"]
[WhiteElo "2022"]
[BlackElo "1748"]
[PlyCount "88"]
[EventDate "2006.08.01"]
[EventType "swiss"]
[EventRounds "7"]
[EventCountry "ITA"]
[SourceTitle "EXT 2023"]
[Source "ChessBase"]
[SourceDate "2022.10.05"]
[SourceVersion "1"]
[SourceVersionDate "2022.10.05"]
[SourceQuality "1"]

1. e4 c5 2. Nf3 Nc6 3. d4 cxd4 4. Nxd4 e5 5. Nb5 d6 6. c4 Be7 7. Be3 f5 8. N1c3 a6 9. Qa4 Be6 10. Nd5 Bxd5 11. Nc7+ Qxc7 12. exd5 Qa5+ 13. Qxa5 Nxa5 14. b4 Nxc4 15. Bxc4 b5 16. Bb3 e4 17. a4 Bf6 18. Ra2 Bc3+ 19. Ke2 a5 20. axb5 Bxb4 21. b6 Nf6 22. b7 Rb8 23. Ba4+ Ke7 24. Bc6 Bc5 25. Rc1 Bxe3 26. fxe3 Rhd8 27. Rxa5 Nd7 28. Rb5 Nc5 29. Kd2 Rf8 30. Ra1 h6 31. h4 g6 32. Kc3 Kd8 33. g3 Kc7 34. Rba5 h5 35. Kc4 Nd3 36. Kb5 Nc5 37. Ra8 Rg8 38. Rxb8 Rxb8 39. Ra8 Nd3 40. Rxb8 Kxb8 41. Kb6 Ne5 42. Be8 Nc4+ 43. Kc6 Nxe3 44. Bxg6 Nf1 1/2-1/2